| 000 | 01126nam a2200205 a 4500 | ||
|---|---|---|---|
| 008 | 120416s1962 ||||||||||||||||| || u | ||
| 050 | _aHF 5686.C8 Nic | ||
| 100 | _aNickerson, Clarence B | ||
| 245 | 1 | 0 | _aManagerial cost accounting and analysis: text, problems, and cases |
| 250 | _a2nd.ed | ||
| 260 |
_aNew York _bMcGraw-Hill _c1962 |
||
| 300 | _axvi, 644p. : ill | ||
| 350 | _a0.00 | ||
| 650 | 0 | _aACCOUNTING--HANDBOOKS, MANUALS, ETC | |
| 650 | 0 | _aCOST ACCOUNTING | |
| 995 |
_aANNEX COLLECTION (Main Library) _D0.00 _e721958 _FCBU-MAIN LIBRARY (Kitwe) _H1 _I42.95 _jHF 5686.C8 Nic _M3 _UAVAILABLE _y006907 _ZAnnex Low-Usage Collection |
||
| 995 |
_aANNEX COLLECTION (Main Library) _D0.00 _e703714 _FCBU-MAIN LIBRARY (Kitwe) _H2 _I42.95 _jHF 5686.C8 Nic _M1 _UAVAILABLE _y006905 _ZAnnex Low-Usage Collection |
||
| 995 |
_aMAIN LIBRARY OPEN ACCESS _D0.00 _e090935 _FCBU-MAIN LIBRARY (Kitwe) _H4 _I42.95 _jHF 5686.C8 Nic _M4 _UAVAILABLE _y006908 _ZMain Library Open Access Collection |
||
| 995 |
_aANNEX COLLECTION (Main Library) _D0.00 _e706356 _FCBU-MAIN LIBRARY (Kitwe) _H3 _I42.95 _jHF 5686.C8 Nic _M2 _UAVAILABLE _y006906 _ZAnnex Low-Usage Collection |
||
| 999 |
_c82508 _d82508 |
||